Fr. Conceicao Rodrigues College of Engineering

Multiple Valued Switching theory (Record no. 22150)

MARC details
000 -LEADER
fixed length control field 00305nam a2200133Ia 4500
100 ## - MAIN ENTRY--PERSONAL NAME
Personal name Muzio/ J.C.
245 ## - TITLE STATEMENT
Title Multiple Valued Switching theory
260 ## - PUBLICATION, DISTRIBUTION, ETC.
Name of publisher, distributor, etc. Jaico Pub
Place of publication, distribution, etc. Bombay
Date of publication, distribution, etc. 1994
300 ## - PHYSICAL DESCRIPTION
Extent 195
546 ## - LANGUAGE NOTE
Language note ENGLISH
654 ## - SUBJECT ADDED ENTRY--FACETED TOPICAL TERMS
Focus term Multiple valued switching theory
942 ## - ADDED ENTRY ELEMENTS (KOHA)
Koha item type BOOK
Holdings
Withdrawn status Lost status Damaged status Not for loan Collection Home library Current library Shelving location Date acquired Cost, normal purchase price Total Checkouts Full call number Barcode Date last seen Cost, replacement price Price effective from Koha item type
        CRC Fr. Agnel's C.Rodrigues College of Engineering Fr. Agnel's C.Rodrigues College of Engineering   17/03/2023 295.00   5727 17/03/2023 295.00 17/03/2023 BOOK